Beer or Wine Countries? Quiz Stats

Quiz Updated Jul 14, 2016

Challenge
Share
Tweet
Embed
Score 0/20 Timer 03:00
1 Play Today
Country B or W? % Correct
Ireland???
97.9%
France???
95.9%
Italy???
95.8%
United States???
93.4%
Czechia???
89.7%
United Kingdom???
89.2%
Canada???
88.2%
Portugal???
86%
Australia???
85.9%
Russia???
84.8%
Country B or W? % Correct
Greece???
83.9%
Denmark???
80.5%
South Korea???
72.8%
Austria???
69.4%
Croatia???
41%
Moldova???
39.8%
Luxembourg???
37.7%
Sweden???
29.2%
Hungary???
24.4%
Spain???
12.4%

You're not logged in!

Compare scores with friends on all Sporcle quizzes.
Sign Up with Email
OR
Log In

You Might Also Like...

Show Comments

Extras

Top Quizzes Today


Score Distribution

Your Account Isn't Verified!

In order to create a playlist on Sporcle, you need to verify the email address you used during registration. Go to your Sporcle Settings to finish the process.